000 00651nam a2200241Ia 4500
003 OSt
005 20220918173225.0
006 a|||||r|||| 00| 0
007 ta
008 220917b |||||||| |||| 00| 0 eng d
024 _a5,680
037 _cTextual
040 _aARTS
_cARTS
_beng
041 _2eng
_aeng
082 _a2:31z7, F51 (2D)
100 _aWilson Martha. comp
_945383
245 0 _aSelected articles on school library experience
260 _c1921
490 _aLibrarian's round table; 1
650 _aLIBRARY SCIENCE
942 _h2:31z7, F51 (2D)
_cTEXL
_2CC
999 _c147709
_d147709